[Event "FTX Crypto Cup Prelims 2021"]
[Site "Chess24"]
[Date "2021.05.18"]
[Round "4.6"]
[White "Firouzja, Alireza"]
[Black "Nepomniachtchi, Ian"]
[Result "1/2-1/2"]
[WhiteElo "2703"]
[BlackElo "2778"]
[Annotator "RC"]
[PlyCount "179"]
[EventDate "2021.05.23"]
[EventType "tourn"]
[EventCountry "NET"]
[Tiebreak "Koya+Number of black wins+Number of wins"]
[SourceTitle "playchess.com"]
[Source "ChessBase"]
[SourceQuality "1"]
[TimeControl "900+10"]

1. d4 {[%emt 0:00:00]} Nf6 {[%emt 0:00:00]} 2. c4 {[%emt 0:00:00]} g6 {[%emt 0:
00:00]} 3. Nc3 {[%emt 0:00:00]} d5 {[%emt 0:00:00]} 4. cxd5 {[%emt 0:00:00]}
Nxd5 {[%emt 0:00:00]} 5. e4 {[%emt 0:00:00]} Nxc3 {[%emt 0:00:00]} 6. bxc3 {
[%emt 0:00:00]} Bg7 {[%emt 0:00:00]} 7. Be3 {[%emt 0:00:00]} c5 {[%emt 0:00:00]
} 8. Rc1 {[%emt 0:00:02]} Qa5 {[%emt 0:00:03]} 9. Qd2 {[%emt 0:00:01]} O-O {
[%emt 0:00:16]} 10. Nf3 {[%emt 0:00:03]} Bg4 {[%emt 0:00:03]} 11. Ng5 {[%emt 0:
00:05]} h6 {[%emt 0:01:08]} 12. h3 {[%emt 0:01:13]} Bd7 {[%emt 0:00:06]} 13.
Nf3 {[%emt 0:00:04]} cxd4 {[%emt 0:00:02]} 14. cxd4 {[%emt 0:00:03]} Qxd2+ {
[%emt 0:00:01]} 15. Bxd2 {[%emt 0:02:44]} e6 {[%emt 0:00:09]} 16. h4 {[%emt 0:
02:41]} Nc6 {[%emt 0:00:08]} 17. e5 {[%emt 0:02:21]} Rfd8 {[%emt 0:00:04]} 18.
Bd3 {[%emt 0:01:43]} Be8 {[%emt 0:00:15]} 19. Be3 {[%emt 0:00:09]} Rac8 {
[%emt 0:00:07]} 20. Kd2 {[%emt 0:00:38]} Nb4 {[%emt 0:00:14]} 21. Be4 {[%emt 0:
00:10]} Bc6 {[%emt 0:00:05]} 22. Bxc6 {[%emt 0:00:15]} Nxc6 {[%emt 0:00:11]}
23. Rc3 {[%emt 0:01:23]} Bf8 {[%emt 0:00:17]} 24. a3 {[%emt 0:00:54]} Rd5 {
[%emt 0:00:13]} 25. Rb1 {[%emt 0:00:13]} Rc7 {[%emt 0:00:03]} 26. g4 {[%emt 0:
00:17]} Ra5 {[%emt 0:00:20]} 27. Rbb3 {[%emt 0:00:11]} Rd7 {[%emt 0:00:18]} 28.
Ke2 {[%emt 0:01:48]} Kg7 {[%emt 0:00:07]} 29. Rd3 {[%emt 0:00:20]} Ra4 {
[%emt 0:00:15]} 30. Rbc3 {[%emt 0:00:03]} Be7 {[%emt 0:00:24]} 31. Kd1 {
[%emt 0:00:33]} Bd8 {[%emt 0:00:13]} 32. Kc2 {[%emt 0:00:08]} Bb6 {[%emt 0:00:
24]} 33. Kb3 {[%emt 0:00:14]} Ra5 {[%emt 0:00:03]} 34. Kc2 {[%emt 0:01:30]}
Rad5 {[%emt 0:01:00]} 35. Rc4 {[%emt 0:00:02]} Rc7 {[%emt 0:00:33]} 36. Kd2 {
[%emt 0:00:25]} Rb5 {[%emt 0:01:25]} 37. Ke2 {[%emt 0:00:25]} Rd7 {[%emt 0:00:
08]} 38. Rc2 {[%emt 0:00:19]} Rbd5 {[%emt 0:00:23]} 39. Rc4 {[%emt 0:00:06]} a6
{[%emt 0:00:56]} 40. Kd2 {[%emt 0:00:17]} Ba7 {[%emt 0:00:06]} 41. Ke2 {
[%emt 0:00:04]} Rd8 {[%emt 0:00:05]} 42. Kd2 {[%emt 0:00:10]} Na5 {[%emt 0:00:
30]} 43. Rcc3 {[%emt 0:00:10]} b5 {[%emt 0:00:02]} 44. Ke2 {[%emt 0:00:05]} Nc4
{[%emt 0:00:09]} 45. a4 {[%emt 0:00:05]} Nb2 {[%emt 0:00:06]} 46. Rd2 {[%emt 0:
00:13]} Nxa4 {[%emt 0:00:02]} 47. Rc6 {[%emt 0:00:01]} a5 {[%emt 0:01:09]} 48.
Ra2 {[%emt 0:00:12]} Rb8 {[%emt 0:00:45]} 49. Kd3 {[%emt 0:00:37]} Bb6 {
[%emt 0:00:31]} 50. Ke4 {[%emt 0:00:13]} Rb7 {[%emt 0:00:23]} 51. h5 {[%emt 0:
00:02]} g5 {[%emt 0:00:03]} 52. Ne1 {[%emt 0:00:08]} Rc7 {[%emt 0:00:24]} 53.
Rxc7 {[%emt 0:00:02]} Bxc7 {[%emt 0:00:00]} 54. Bd2 {[%emt 0:00:02]} Bb6 {
[%emt 0:00:16]} 55. Nc2 {[%emt 0:00:17]} Rd7 {[%emt 0:00:15]} 56. Ra3 {[%emt 0:
00:14]} Rd8 {[%emt 0:00:41]} 57. f4 {[%emt 0:00:24]} gxf4 {[%emt 0:00:02]} 58.
Bxf4 {[%emt 0:00:02]} Rc8 {[%emt 0:00:08]} 59. g5 {[%emt 0:00:15]} hxg5 {
[%emt 0:00:16]} 60. Bxg5 {[%emt 0:00:02]} Rxc2 {[%emt 0:00:49]} 61. Rg3 {
[%emt 0:00:06]} Rh2 {[%emt 0:01:17]} 62. Bf6+ {[%emt 0:00:22]} Kf8 {[%emt 0:00:
21]} 63. h6 {[%emt 0:00:01]} b4 {[%emt 0:00:08]} 64. Rg4 {[%emt 0:00:13]} Nc3+
{[%emt 0:00:08]} 65. Kf3 {[%emt 0:00:13]} Nd5 {[%emt 0:00:09]} 66. Bh4 {
[%emt 0:00:01]} Bxd4 {[%emt 0:00:59]} 67. h7 {[%emt 0:00:17]} Rxh4 {[%emt 0:00:
03]} 68. Rxh4 {[%emt 0:00:05]} Bxe5 {[%emt 0:00:01]} 69. h8=Q+ {[%emt 0:00:11]}
Bxh8 {[%emt 0:00:01]} 70. Rxh8+ {[%emt 0:00:00]} Ke7 {[%emt 0:00:00]} 71. Ra8 {
[%emt 0:00:03]} Kd6 {[%emt 0:00:16]} 72. Rxa5 {[%emt 0:00:02]} f5 {[%emt 0:00:
01]} 73. Ke2 {[%emt 0:00:11]} Ke5 {[%emt 0:00:16]} 74. Kd3 {[%emt 0:00:07]} f4
{[%emt 0:00:02]} 75. Ra8 {[%emt 0:00:10]} Ne7 {[%emt 0:01:17]} 76. Rb8 {
[%emt 0:00:30]} Nc6 {[%emt 0:00:23]} 77. Rb5+ {[%emt 0:00:17]} Kd6 {[%emt 0:00:
02]} 78. Ke4 {[%emt 0:00:12]} e5 {[%emt 0:00:02]} 79. Rd5+ {[%emt 0:00:11]} Ke6
{[%emt 0:00:34]} 80. Rb5 {[%emt 0:00:05]} Kd6 {[%emt 0:00:23]} 81. Rd5+ {
[%emt 0:00:03]} Kc7 {[%emt 0:00:17]} 82. Rb5 {[%emt 0:00:25]} f3 {[%emt 0:00:
03]} 83. Ke3 {[%emt 0:00:09]} Kd6 {[%emt 0:00:16]} 84. Kf2 {[%emt 0:00:09]} e4
{[%emt 0:00:39]} 85. Ke3 {[%emt 0:00:07]} Ne7 {[%emt 0:00:21]} 86. Rxb4 {
[%emt 0:00:11]} Nd5+ {[%emt 0:00:03]} 87. Kxe4 {[%emt 0:00:02]} f2 {[%emt 0:00:
01]} 88. Rb1 {[%emt 0:00:01]} Nc3+ {[%emt 0:00:01]} 89. Kf3 {[%emt 0:00:02]}
Nxb1 {[%emt 0:00:00]} 90. Kxf2 {[%emt 0:00:01]} 1/2-1/2

[Event "FTX Crypto Cup Prelims 2021"]
[Site "Chess24"]
[Date "2021.05.18"]
[Round "4.7"]
[White "Svidler, Peter"]
[Black "Mamedyarov, Shakhriyar"]
[Result "1/2-1/2"]
[WhiteElo "2742"]
[BlackElo "2761"]
[Annotator "TA"]
[PlyCount "79"]
[EventDate "2021.05.23"]
[EventType "tourn"]
[EventCountry "NET"]
[Tiebreak "Koya+Number of black wins+Number of wins"]
[SourceTitle "playchess.com"]
[Source "ChessBase"]
[SourceQuality "1"]

{[%evp 12,79,16,7,23,14,21,15,22,-8,6,0,25,0,29,0,10,0,0,0,0,0,0,-14,0,-15,28,
25,31,28,34,28,37,37,42,12,20,25,20,23,19,10,9,10,24,16,25,-2,-3,-2,-2,-18,0,0,
0,0,0,0,0,0,0,0,0,0,0,0,0,0,0,0]} 1. e4 e5 2. Nf3 Nc6 3. Bc4 Bc5 4. c3 Nf6 5.
d3 d6 6. O-O h6 7. Re1 O-O {C54: Giuoco Piano: 4 c3 Nf6, main lines with 5 d4
and 5 d3.} 8. Nbd2 a6 9. a4 Ne7 10. d4 Ba7 11. h3 Ng6 12. Bf1 {12.Bd3 is more
advanced technology.} c6 13. a5 Re8 14. Qc2 {[#]} d5 $146 ({Predecessor:} 14...
Be6 15. dxe5 dxe5 16. Nc4 Qc7 17. g3 Rad8 18. Be3 Bxe3 19. Nxe3 Nh7 20. Kh2 Ng5
21. Nxg5 hxg5 {1/2-1/2 (31) Sadzikowski,D (2563)-Parligras,M (2603) Achaia 2017
}) 15. exd5 {[%cal Rd4e5]} exd4 16. Rxe8+ Qxe8 17. Nxd4 Nxd5 18. N2f3 Ne5 (
18... c5 {is interesting.} 19. c4 Nde7 20. Ne2 Nc6 21. Ng3 Bb8) 19. Bd2 {
[#] Black must now prevent Nxe5.} Nxf3+ 20. Nxf3 Be6 21. c4 Ne7 22. Bc3 Rd8 23.
Rd1 Rxd1 24. Qxd1 Qd7 25. Qxd7 Bxd7 26. b4 f6 27. Nd2 Kf7 28. Ne4 Ke6 29. Nc5+
(29. Bd3 {with more complications.} Ng6 30. g3 Be8 31. Be2 Ne7 32. h4) 29...
Bxc5 {The position is equal.} 30. bxc5 $11 {[%mdl 4096] Endgame KBB-KBN} g5 31.
f3 h5 32. g4 hxg4 33. hxg4 Ng6 34. Kf2 Kf7 35. Ke3 Be6 36. Bd3 Kg7 37. Be2 Kf7
38. Bd3 Kg7 39. Be2 Kf7 40. Bd3 {Weighted Error Value: White=0.08/Black=0.06}
1/2-1/2

[Event "FTX Crypto Cup Prelims 2021"]
[Site "Chess24"]
[Date "2021.05.18"]
[Round "4.8"]
[White "Caruana, Fabiano"]
[Black "Radjabov, Teimour"]
[Result "1/2-1/2"]
[WhiteElo "2773"]
[BlackElo "2758"]
[Annotator "TA"]
[PlyCount "102"]
[EventDate "2021.05.23"]
[EventType "tourn"]
[EventCountry "NET"]
[Tiebreak "Koya+Number of black wins+Number of wins"]
[SourceTitle "playchess.com"]
[Source "ChessBase"]
[SourceQuality "1"]

{[%evp 25,102,14,21,0,14,4,31,6,16,0,0,0,8,0,0,0,0,-12,-1,-4,0,-2,0,0,0,4,15,
11,10,0,0,0,0,-43,-41,-59,0,0,0,-49,-64,-91,-98,-89,-91,-114,-102,-108,-109,
-89,-8,-8,-8,-8,-8,-15,-17,-39,-39,-48,-22,-29,0,-8,0,-11,-11,-11,-11,-11,-11,
-11,-11,-14,-14,-14,-20,-20,0]} 1. d4 Nf6 2. c4 e6 3. Nc3 Bb4 4. e3 d5 5. Nf3
c5 6. cxd5 Nxd5 7. Bd2 cxd4 8. exd4 Nc6 9. Bd3 O-O 10. O-O Be7 11. a3 Bf6 12.
Qc2 g6 13. Bh6 Re8 14. Rad1 {B14: Caro-Kann: Panov-Botvinnik Attack with 5...
e6 and 5...g6.} Bd7 15. Ne4 Be7 {[#]} ({Of course not} 15... Nxd4 $6 16. Nxf6+
Qxf6 17. Nxd4 $16) (15... Nce7 {feels hotter.} 16. Nxf6+ Nxf6 17. Rfe1 Rc8 18.
Qd2 Ba4) 16. Qd2 $146 {White is slightly better.} (16. b4 {keeps more tension.}
Bf8 17. Qd2 Nce7 18. Bxf8 Rxf8 19. Rfe1) ({Predecessor:} 16. b4 Rc8 17. Qb2 Qb6
18. Nc5 Red8 {1/2-1/2 (18) Llorente Alvarez,J (1104)-Schild,R (2124) LSS email
2009}) 16... Qa5 17. Qxa5 Nxa5 18. b4 {[%cal Bb2b4,Bb4b5][%mdl 32]} Nc6 19. Nc5
Bc8 20. Rc1 Bf8 21. Bg5 f6 22. Bd2 a5 {[%cal Ra5b4]} 23. b5 Nce7 24. Rfe1 Kf7
25. g4 h6 26. h4 g5 27. b6 Nxb6 28. Rb1 Ned5 29. hxg5 hxg5 30. Rb5 Nd7 ({
Black should play} 30... Ra7 $15) 31. Nxe6 $11 Rxe6 32. Rxe6 {[#] Re1 is the
strong threat.} Nc7 33. Re3 Nxb5 34. Bxb5 Nb6 35. Rc3 Bd6 36. Be2 Be6 37. Ne1
Rc8 (37... a4 $17 38. Rh3 Nc4) 38. Rxc8 Nxc8 39. Bxa5 Bxa3 40. Nc2 Bb2 41. Bd8
Ne7 42. Bf3 Bb3 43. Ne3 Bxd4 (43... b5 {seems wilder.} 44. Bb6 Ke6 45. Bc5 Bc3
46. Be4 Nd5) 44. Bxb7 {The position is equal.} Be6 45. Bxe7 Kxe7 46. Nf5+ Bxf5
47. gxf5 {KB-KB} Kd6 48. Kg2 Ke5 49. Bc8 Kf4 50. f3 Be5 51. Be6 Bd4 {Weighted
Error Value: White=0.09/Black=0.09} 1/2-1/2

[Event "FTX Crypto Cup Prelims 2021"]
[Site "Chess24"]
[Date "2021.05.18"]
[Round "5.1"]
[White "Radjabov, Teimour"]
[Black "Aronian, Levon"]
[Result "1/2-1/2"]
[WhiteElo "2758"]
[BlackElo "2778"]
[Annotator "TA"]
[PlyCount "119"]
[EventDate "2021.05.23"]
[EventType "tourn"]
[EventCountry "NET"]
[Tiebreak "Koya+Number of black wins+Number of wins"]
[SourceTitle "playchess.com"]
[Source "ChessBase"]
[SourceQuality "1"]

{[%evp 13,119,12,10,8,13,14,15,0,0,0,0,0,0,0,0,0,6,2,3,4,7,6,6,0,0,0,0,0,0,0,0,
0,0,3,5,3,17,0,0,0,0,0,0,0,0,0,0,0,0,-16,0,0,0,0,7,0,0,0,0,0,4,0,0,0,0,0,0,0,0,
0,0,0,0,0,0,0,0,0,0,0,0,0,0,0,0,0,0,0,0,0,0,0,0,0,0,0,0,0,0,0,0,0,0,0,0,0,0,0]
} 1. e4 e5 2. Nf3 Nc6 3. Bb5 a6 4. Ba4 Nf6 5. O-O Bc5 6. d3 d6 7. c3 O-O {
The position is equal.} 8. h3 {C78: Ruy Lopez: Archangelsk and Möller Defences.
} Ne7 9. d4 Ba7 {[#]} 10. dxe5 $146 ({Predecessor:} 10. Bc2 d5 11. Nxe5 Nxe4
12. Nd2 Nd6 13. Ndf3 Bf5 14. Re1 Bxc2 15. Qxc2 Ne4 16. Qb3 {0-1 (58) Carlsen,M
(2855)-So,W (2770) Paris 2016}) 10... dxe5 11. Nxe5 Qxd1 12. Bxd1 Nxe4 13. Nd2
Nxd2 14. Bxd2 Rd8 15. Bf4 Be6 16. Re1 Nd5 17. Bg3 Nf6 18. Bf4 c6 19. Bb3 Bxb3
20. axb3 Nd5 21. Bg3 Bb8 22. Rad1 Bxe5 23. Bxe5 f6 24. Bg3 Kf7 25. Rd2 Ne7 26.
Red1 Rxd2 27. Rxd2 $11 {[%mdl 4096] Endgame KRB-KRN} Ke8 28. Kf1 Rd8 29. Rxd8+
Kxd8 {KB-KN} 30. f3 Kd7 31. Ke2 h5 32. b4 Nf5 33. Bf2 Ke6 34. g4 hxg4 35. hxg4
Ne7 36. Kd3 f5 37. Bd4 g6 38. c4 b5 39. b3 fxg4 40. fxg4 Ng8 41. Ke3 Nh6 42.
Kf4 {[#] Hoping for Kg5.} Nf7 43. c5 Nd8 44. Bc3 Nf7 45. Bd4 g5+ 46. Ke4 Nh6
47. Kf3 Kd5 48. Bc3 Nf7 49. Bf6 Ke6 50. Bc3 Kd5 51. Bf6 Ke6 52. Bc3 Nh6 53. Bg7
Ng8 54. Ke4 Ne7 55. Bc3 $1 Nd5 56. Bd2 Kf6 57. Be1 Ke6 58. Bd2 Kf6 59. Be1 Ke6
60. Bd2 {A rather calm draw.  Weighted Error Value: White=0.02/Black=0.01}
1/2-1/2

[Event "FTX Crypto Cup Prelims 2021"]
[Site "Chess24"]
[Date "2021.05.18"]
[Round "5.2"]
[White "Mamedyarov, Shakhriyar"]
[Black "Caruana, Fabiano"]
[Result "1-0"]
[WhiteElo "2761"]
[BlackElo "2773"]
[Annotator "TA"]
[PlyCount "99"]
[EventDate "2021.05.23"]
[EventType "tourn"]
[EventCountry "NET"]
[Tiebreak "Koya+Number of black wins+Number of wins"]
[SourceTitle "playchess.com"]
[Source "ChessBase"]
[SourceQuality "1"]

{[%evp 9,99,0,0,0,0,0,0,0,0,0,-3,-23,9,0,17,27,51,54,60,56,48,25,90,81,101,99,
81,82,102,104,101,102,98,98,97,91,83,92,96,81,111,114,160,164,172,163,165,162,
297,285,285,278,262,306,302,296,270,262,241,229,265,258,376,340,399,360,377,
400,374,309,443,462,441,440,564,614,683,505,690,338,910,864,1560,1339,2038,
1977,6091,5636,1866,1727,4727,2763]} 1. Nf3 d5 2. g3 Nf6 3. Bg2 e6 4. d3 Nc6 5.
Nbd2 e5 6. O-O {[#] A07: Réti Opening: New York and Capablanca Systems.} a5
$146 ({Predecessor:} 6... Bd6 7. e4 dxe4 8. dxe4 O-O 9. c3 Qe7 10. Qc2 a5 11.
Nc4 Bc5 12. Be3 b6 13. Bxc5 Qxc5 14. Ne3 Ba6 15. Rfd1 Rad8 16. Nd5 Nxd5 17.
exd5 {1-0 (37) Tsydypov,Z (2765)-Avalyan,A (2393) Chess.com INT 2018}) 7. c3
Bd6 8. e4 {The position is equal.} dxe4 9. dxe4 O-O 10. a4 Be6 11. Qe2 Nd7 12.
Nc4 h6 13. Rd1 Qe7 14. Nh4 Bc5 15. Nf5 Bxf5 (15... Qf6 $11) 16. exf5 $16 Rfe8
17. Nd2 Nf6 18. Ne4 Rad8 19. Rxd8 Rxd8 20. Nxc5 Qxc5 21. Be3 Qd6 22. Qb5 e4 23.
Bf4 ({Much worse is} 23. Qxb7 $6 Rb8 $11) 23... Qd7 24. Re1 {[%cal Ba1e1,Be1e2,
Be2d2][%mdl 32]} b6 25. Bxe4 Re8 26. f3 Nxe4 27. fxe4 ({Don't do} 27. Rxe4 Rxe4
28. fxe4 Qd1+ 29. Kg2 Qc2+ 30. Kf3 Qd1+ 31. Ke3 Qc1+ 32. Kf2 Qc2+ 33. Ke3 Qc1+
34. Kf2 Qc2+ 35. Ke3 Qc1+ $16) 27... f6 28. Kf2 Rd8 (28... Re7 {was necessary.}
29. g4 Kh7) 29. Re2 $18 Ne5 30. Bxe5 Qxb5 31. axb5 fxe5 {[%mdl 4096] Endgame
KR-KR} 32. Ke3 Rd1 33. Rd2 Re1+ 34. Kf3 h5 35. Rd5 Rb1 (35... Rf1+ $142 36. Ke3
Kf8 37. Rd8+ (37. Rxe5 Re1+ 38. Kf4 Re2 $18) 37... Ke7) 36. Rxe5 Rxb2 37. Re8+
Kf7 38. Rc8 Rxb5 39. Rxc7+ Kf6 (39... Kf8 {keeps fighting.} 40. c4 Rc5) 40.
Rc6+ Ke7 41. c4 Rc5 42. Rxb6 Rxc4 43. Ra6 a4 44. Kf4 (44. e5 $142 Rg4 45. Ra7+
Kf8 46. e6) 44... Kf7 $2 {[#]} (44... Rc2 45. Rxa4 Rxh2) 45. h3 {White is
clearly winning.} Rb4 46. g4 Rb3 47. g5 a3 48. g6+ Ke7 49. Ra7+ Kf8 50. e5 {
Weighted Error Value: White=0.14/Black=0.33} 1-0

[Event "FTX Crypto Cup Prelims 2021"]
[Site "Chess24"]
[Date "2021.05.18"]
[Round "5.3"]
[White "Nepomniachtchi, Ian"]
[Black "Svidler, Peter"]
[Result "1/2-1/2"]
[WhiteElo "2778"]
[BlackElo "2742"]
[Annotator "TA"]
[PlyCount "96"]
[EventDate "2021.05.23"]
[EventType "tourn"]
[EventCountry "NET"]
[Tiebreak "Koya+Number of black wins+Number of wins"]
[SourceTitle "playchess.com"]
[Source "ChessBase"]
[SourceQuality "1"]

{[%evp 9,96,33,66,60,57,39,51,41,48,40,45,32,47,47,46,50,52,32,44,30,27,31,62,
72,66,45,63,47,45,23,25,16,16,16,16,16,17,17,17,6,25,25,25,25,25,25,27,39,38,
36,9,8,8,8,0,1,8,8,8,8,8,0,0,0,0,0,0,0,0,0,0,0,0,0,0,0,0,0,0,0,0,0,0,-8,0,0,0,
-8,0]} 1. Nf3 Nf6 2. c4 g6 3. Nc3 d5 4. cxd5 Nxd5 5. h4 (5. Qc2 Nc6 6. Qb3 Nb6
7. d4 Be6 8. Qd1 Bg7 9. e3 O-O 10. Be2 Bc4 11. Bxc4 Nxc4 12. O-O Nd6 13. Qe2
Qe8 14. Rd1 e5 15. d5 e4 16. dxc6 exf3 17. Qxf3 Qxc6 18. Qxc6 bxc6 {1/2-1/2 
(74) Nepomniachtchi,I (2774)-Svidler,P (2729) Amsterdam 2019}) 5... h6 6. e4 {
A16: English Opening: 1...Nf6 with ...d5.} Nxc3 7. dxc3 (7. bxc3 {keeps more
tension.} Bg7 8. d4 c5 9. Rb1 O-O 10. Be3) 7... Qxd1+ 8. Kxd1 {White is
slightly better.} Nd7 9. Bf4 c6 10. Kc2 a5 11. a4 Nc5 12. Nd2 {[#]} h5 $146 ({
Predecessor:} 12... Be6 13. Be3 Nd7 14. Bc4 Bxc4 15. Nxc4 Bg7 16. Rhd1 Ne5 17.
Nb6 Ra6 18. Bd4 O-O 19. Bxe5 Rxb6 20. Bxg7 Kxg7 {1-0 (59) Svane,R (2877)
-Mischuk,D (2702) Chess.com INT 2020}) 13. Be3 e5 14. f3 f6 15. Bc4 Ne6 16. Nb3
Bd6 17. Rad1 Ke7 18. Rd2 Bc7 19. Rhd1 b6 20. g3 (20. Ra1 {with more
complications.} Rb8 21. Rf2 Nd8 22. Nd2 Bd7 23. Rff1) 20... Rd8 21. Rxd8 Nxd8
22. Nd2 Nb7 23. Be2 (23. Rf1 {feels hotter.} Nd6 24. Be2 Be6 25. Bd3 Rb8 26. b3
) 23... Nd6 24. f4 Bg4 (24... exf4 {looks sharper.} 25. Bxf4 Be6 26. e5 fxe5
27. Bxe5 Rc8) 25. Bxg4 hxg4 26. fxe5 fxe5 27. Bg5+ Ke6 28. Rf1 Rg8 $1 29. Kd3
Bd8 30. Nc4 {The position is equal.} Nxc4 31. Kxc4 $11 {[%mdl 4096] Endgame
KRB-KRB} Be7 32. b4 axb4 33. Bxe7 Kxe7 34. cxb4 {With the idea a5. KR-KR} Rd8
35. a5 Rd4+ {[%mdl 64] [#] Double Attack} 36. Kb3 c5 37. a6 Rxb4+ 38. Ka3 Rb5
39. Ra1 c4 $1 {[#] Hoping for ...Ra5+.} 40. Ra2 Ra5+ 41. Kb2 c3+ $1 42. Kb3 {
And now Rxa5 would win.} c2 $1 {[%cal Rc2c1]} 43. Rxc2 {aiming for Ra2.} Rxa6
44. Rc6 Kf7 45. Rc7+ Kf6 46. Rc6+ Kf7 47. Rc7+ Kf6 48. Rc6+ Kf7 {Weighted
Error Value: White=0.04/Black=0.03} 1/2-1/2

[Event "FTX Crypto Cup Prelims 2021"]
[Site "Chess24"]
[Date "2021.05.18"]
[Round "5.4"]
[White "So, Wesley"]
[Black "Firouzja, Alireza"]
[Result "1/2-1/2"]
[WhiteElo "2741"]
[BlackElo "2703"]
[Annotator "TA"]
[PlyCount "77"]
[EventDate "2021.05.23"]
[EventType "tourn"]
[EventCountry "NET"]
[Tiebreak "Koya+Number of black wins+Number of wins"]
[SourceTitle "playchess.com"]
[Source "ChessBase"]
[SourceQuality "1"]

{[%evp 14,77,12,17,22,17,17,15,12,12,9,7,18,13,7,0,0,5,9,0,0,0,0,0,0,0,0,0,0,0,
0,-8,0,0,0,0,0,0,0,0,0,0,0,0,0,0,0,-6,0,-4,0,0,0,0,0,0,0,0,0,0,0,0,0,0,0,0]} 1.
Nf3 d5 2. d4 Nf6 3. c4 e6 4. Nc3 Nbd7 5. Bg5 h6 6. Bh4 Be7 7. e3 O-O 8. Rc1 {
The position is equal.} c5 {is the new trend. D63: Queen's Gambit Declined:
Classical: 7 Rc1.} 9. cxd5 Nxd5 10. Bxe7 Nxe7 11. Be2 b6 12. O-O Bb7 13. dxc5
Nxc5 14. b4 Nd7 15. Nb5 Nf6 {[#]} 16. Qxd8 $146 (16. Ne5 {is interesting.} Ned5
17. Qb3 a6 18. Nd4 Qd6 19. Nc4) ({Predecessor:} 16. Ne5 Ned5 17. a3 a5 18. Nd4
axb4 19. Ndc6 Qc7 20. axb4 Nxb4 21. Nxb4 Qxe5 22. Bf3 {1/2-1/2 (99)
Sundararajan,K (2422)-Landa,K (2611) Reykjavik 2017}) 16... Rfxd8 17. Rc7 Bxf3
18. Bxf3 Ned5 {[#] And now ...a6 would win.} 19. Rxa7 Rxa7 20. Nxa7 Ra8 21. Nc6
Rxa2 22. h3 g5 23. Rc1 Rb2 24. Ra1 Nxb4 25. Ra8+ Kg7 26. Ne5 $1 {[#] Ra7 is
the strong threat.} Ra2 27. Rb8 $1 {[%cal Rb8b7] Strongly threatening Rb7.} Ra7
28. Rxb6 Nbd5 29. Bxd5 (29. Rb3 {with more complications.} Nd7 30. Nxd7 Rxd7
31. g4 Nf6 32. Kg2) 29... Nxd5 $11 {[%mdl 4096] Endgame KRN-KRN} 30. Rb1 Rc7
31. Ra1 Ne7 32. g4 Ng6 33. Nxg6 Kxg6 {KR-KR} 34. Kg2 Kf6 35. Kf3 Kg6 36. Kg3
Kf6 37. Kf3 Kg6 38. Kg3 Kf6 39. Kf3 {Not much happened in this game.  Weighted
Error Value: White=0.01/Black=0.01} 1/2-1/2

[Event "FTX Crypto Cup Prelims 2021"]
[Site "Chess24"]
[Date "2021.05.18"]
[Round "5.6"]
[White "Pichot, Alan"]
[Black "Carlsen, Magnus"]
[Result "1/2-1/2"]
[WhiteElo "2533"]
[BlackElo "2881"]
[Annotator "TA"]
[PlyCount "121"]
[EventDate "2021.05.23"]
[EventType "tourn"]
[EventCountry "NET"]
[Tiebreak "Koya+Number of black wins+Number of wins"]
[SourceTitle "playchess.com"]
[Source "ChessBase"]
[SourceQuality "1"]

{[%evp 9,121,0,12,17,24,-12,31,23,47,12,14,15,17,14,31,13,17,21,26,20,22,18,15,
27,44,44,51,17,18,27,30,0,0,13,17,15,34,35,15,20,31,26,112,0,0,0,0,0,0,0,25,14,
11,4,4,4,8,4,10,0,8,0,0,0,0,0,0,0,0,0,0,0,0,0,0,0,0,0,0,0,0,0,0,0,0,0,0,0,0,0,
0,0,0,0,0,0,0,0,0,0,0,0,0,0,0,0,0,0,0,0,0,0,0,0]} 1. e4 c6 2. Nf3 d5 3. d3 Qc7
4. exd5 cxd5 5. c4 Nf6 6. Nc3 {B10: Caro-Kann: 2 d3 and 2 c4.} e6 7. g3 {[#]}
a6 $146 ({Predecessor:} 7... Qd8 8. Bg2 Nc6 9. Bf4 Be7 10. O-O O-O 11. Ne5 Re8
12. Nb5 Rf8 13. Nc3 h6 {0-1 (43) Pichot,A (2630)-Anton Guijarro,D (2673)
chess24.com INT 2021}) 8. Bg2 {White is slightly better.} dxc4 9. Bf4 Bd6 10.
Bxd6 Qxd6 11. dxc4 Qc7 12. Qe2 (12. Qa4+ {with more complications.} Nbd7 13.
O-O O-O 14. Rfd1 Nc5 15. Qc2) 12... O-O 13. O-O b6 14. Ne5 Bb7 15. Bxb7 Qxb7
16. Rfd1 Nbd7 17. Nxd7 Nxd7 18. Rd4 Rad8 19. Rad1 {And now f4 would win.} Qc7
20. b4 h6 21. a3 Nf6 22. Rxd8 Rxd8 23. Rxd8+ Qxd8 24. Ne4 Nd7 25. c5 Qa8 {[#]}
(25... Qc8 $11) 26. Qc2 (26. Qf3 $1 $16 {Nf6+! is the strong threat.} Kh8 27.
Qxf7 Qxe4 28. Qxd7 Qb1+ 29. Kg2 Qe4+ 30. Kf1 bxc5 31. Qc8+ (31. bxc5 Qc4+ 32.
Ke1 Qc3+ 33. Qd2 Qxc5 $16) 31... Kh7 32. Qxc5 (32. bxc5 Qd3+ 33. Ke1 Qe4+ 34.
Kf1 Qd3+ 35. Ke1 Qe4+ 36. Kf1 $11)) 26... Qc6 $11 27. Qe2 bxc5 28. Nxc5 Nxc5
29. bxc5 {[%mdl 4096] Endgame KQ-KQ} f6 30. Qd3 Kf7 {The position is equal.}
31. h4 a5 32. Qc3 a4 33. Qd4 Ke7 34. Qg4 g5 35. hxg5 hxg5 36. Qc4 e5 37. Qc2
Kd7 38. Qf5+ Kc7 39. Qh7+ Qd7 40. Qh8 Qd1+ 41. Kg2 Qd5+ 42. Kg1 Qf3 43. Qf8 {
[#] Black must now prevent Qd6+.} Qd1+ 44. Kh2 Qd8 45. Qf7+ Kc6 46. Qa7 Qd4 47.
Qb6+ Kd7 48. Qb7+ Ke6 49. Qc6+ (49. Qa6+ {seems wilder.} Kf7 50. Qb7+ Ke6)
49... Ke7 50. Qb7+ Ke6 51. Qc6+ Kf5 52. Kg2 g4 53. Qc8+ Kg6 54. c6 Qd5+ 55. Kg1
Qd1+ 56. Kh2 Qd4 $1 {[%cal Rd4f2]} 57. Qg8+ Kh6 $1 58. Qf8+ Kg6 59. Qg8+ Kh6 $1
60. Qf8+ Kg6 61. Qg8+ {Weighted Error Value: White=0.06/Black=0.04} 1/2-1/2